| 000 | 02017nam a2200493 i 4500 | ||
|---|---|---|---|
| 001 | 51966 | ||
| 003 | ES-MaCES | ||
| 005 | 20211027112220.0 | ||
| 008 | 210913s2020 sp || o100 | spa d | ||
| 017 |
_aM 30678-2020 (o.c) _bDL |
||
| 020 | _a9788484175575 (o.c.) | ||
| 020 | _a9788484175607 (v.1) | ||
| 020 | _a9788484175636 (v.2) | ||
| 020 | _a9788484175667 (v.3) | ||
| 020 | _a9788484175698 (v.4) | ||
| 024 |
_2117-20-013-5 _anipo |
||
| 040 |
_aES-MaCES _bspa _cES-MaCES |
||
| 111 | 2 |
_aCongreso Interuniversitario OIT sobre el Futuro del Trabajo _940095 _d2019 _cSevilla |
|
| 245 | 1 | 0 |
_aCongreso Interuniversitario OIT sobre el Futuro del trabajo _cCongreso de Sevilla 7 y 8 de febrero de 2019, Facultad de Ciencias del Trabajo, Universidad de Sevilla |
| 260 |
_aMadrid _bMinisterio de Trabajo y Economía Social _c[2020] |
||
| 300 |
_a4 v. _c24 cm |
||
| 500 | _aEste Congreso se celebra en el marco de la Iniciativa Interuniversitaria sobre el Futuro del Trabajo en el Centenario de la OIT | ||
| 541 | _cCompra | ||
| 650 | 4 |
_afuturo del trabajo _930756 |
|
| 650 | 4 |
_acambio tecnológico _928236 |
|
| 650 | 4 |
_acondiciones de trabajo _928327 |
|
| 650 | 4 |
_aderechos de los trabajadores _929924 |
|
| 650 | 4 |
_aderecho al trabajo _929351 |
|
| 650 | 4 |
_arelaciones laborales _928369 |
|
| 650 | 4 |
_anegociación colectiva _928362 |
|
| 650 | 4 |
_aprotección social _929076 |
|
| 650 | 4 |
_apolítica laboral _928290 |
|
| 650 | 4 |
_apolítica de empleo _928300 |
|
| 650 | 4 |
_apapel de la OIT _929112 |
|
| 650 | 4 |
_aactividad normativa de la OIT _930712 |
|
| 650 | 4 |
_aconferencia _927013 |
|
| 653 | 1 | 0 | _aRelaciones laborales-Empleo |
| 710 | 1 |
_aEspaña _bMinisterio de Trabajo y Economía Social _eed. _939731 |
|
| 710 | 2 |
_aOrganización Internacional del Trabajo _94718 |
|
| 710 | 2 |
_aUniversidad de Sevilla _bFacultad de Ciencias del Trabajo _eed. _940096 |
|
| 787 | 0 |
_tGuía laboral del Ministerio de Empleo y Seguridad Social 2019 _w(ES-MaCES)51425 |
|
| 902 | _aLIB Libro | ||
| 942 |
_2CES _cBK _h2.0. |
||
| 999 |
_c51966 _d51966 |
||